Některé problémy účetnictví při likvidaci obchodních společností. 2

Obsah, ocenenie a vykazovanie majetku v mimoriadnych účtovných závierkách - likvidácie obchodných spoločností. Zaistenie bilančnej kontinuity likvidačnej súvahy. Špecifické transakcie v preduzávierkových operáciách. Spôsob rozdelenia likvidačného zostatku. Zánik účtovnej jednotky a povinnosti účtova...

Descrizione completa

Salvato in:
Dettagli Bibliografici
Autore principale: Vomáčková, Hana
Natura: Capitolo di libro
Lingua:ceco
Soggetti:
Tags: Aggiungi Tag
Nessun Tag, puoi essere il primo ad aggiungerne!!

MARC

LEADER 00000naa a2200000 4500
001 r018067
005 20221205103217.3
041 0 |a cze 
044 |a CZ 
245 1 0 |a Některé problémy účetnictví při likvidaci obchodních společností. 2  |c Hana Vomáčková 
520 |a Obsah, ocenenie a vykazovanie majetku v mimoriadnych účtovných závierkách - likvidácie obchodných spoločností. Zaistenie bilančnej kontinuity likvidačnej súvahy. Špecifické transakcie v preduzávierkových operáciách. Spôsob rozdelenia likvidačného zostatku. Zánik účtovnej jednotky a povinnosti účtovania. Daňová povinnosť k dani z príjmu. Účtovné postupy pri likvidácii spoločnosti. 
610 2 0 |a účtovníctvo 
610 2 0 |a účtovanie 
610 2 0 |a likvidácia podniku 
610 2 0 |a podnik 
610 2 0 |a dane z príjmov 
610 2 0 |a závierka účtovná 
610 2 0 |a účty 
610 2 0 |a jednotka hospodárska 
610 2 0 |a operácie účtovné 
610 2 0 |a bilancia finančná 
610 2 0 |a spoločnosti obchodné 
610 2 0 |a spoločnosti s r.o. 
610 2 0 |a spoločnosti kapitálové 
610 2 0 |a súvaha 
610 2 0 |a oceňovanie ekonomické 
610 2 0 |a závierka účtovná 
610 2 0 |a dane z príjmov 
610 2 0 |a spoločnosti akciové 
100 1 |a Vomáčková, Hana